Statistics for US Presidents Breakdown Puzzle #1

Click here to take the quiz!

General Stats

  • This quiz has been taken 8,163 times
  • The average score is 19 of 30

Answer Stats

Hint Answer % Correct
Lion's soundROAR
91%
Nov + two monthsJAN
87%
"Ready, aim, ___!"FIRE
86%
What a hen does to an eggLAY
85%
Plural of isARE
84%
MovieFILM
82%
Opening tennis shotSERVE
80%
Actor's partROLE
80%
Gollum's "precious"RING
79%
DecomposeROT
71%
Lumberjack's toolSAW
69%
WASHINGTON
68%
ROOSEVELT
64%
Author KeseyKEN
64%
FootwearSOCK
63%
Zilch, naughtNOTHING
60%
TAYLOR
60%
Used to ownHAD
60%
JACKSON
59%
RefuteDENY
59%
KENNEDY
58%
FILLMORE
56%
REAGAN
53%
To pillageLOOT
51%
HARDING
49%
Pester, harassNAG
46%
TibiaSHIN
45%
Happy, satisfiedGLAD
42%
HARRISON
37%
GARFIELD
34%

Score Distribution

Percentile by Number Answered

Percent of People with Each Score

Your Score History

You have not taken this quiz